Az információs társadalom és a fogyasztóvédelem szerepe az elektronikus kereskedelemben
Elmentve itt :
| Szerző: | |
|---|---|
| További közreműködők: | |
| Dokumentumtípus: | Szakdolgozat |
| Megjelent: |
2001
|
| Tárgyszavak: | |
| Online Access: | http://diploma.bibl.u-szeged.hu/37283 |
| LEADER | 00583nta a2200157 i 4500 | ||
|---|---|---|---|
| 001 | dipl37283 | ||
| 005 | 20130314100725.0 | ||
| 008 | 120326s2001 hu om 0|| zxx d | ||
| 040 | |a SZTE Diploma Repozitórium |b hun | ||
| 041 | |a zxx | ||
| 100 | 1 | |a Misits Dóra | |
| 245 | 1 | 3 | |a Az információs társadalom és a fogyasztóvédelem szerepe az elektronikus kereskedelemben |h [elektronikus dokumentum] / |c Dóra Misits |
| 260 | |c 2001 | ||
| 650 | 4 | |a Gazdaságtudományok | |
| 700 | 1 | |a Majó Zoltán |e ths | |
| 856 | 4 | 0 | |u http://diploma.bibl.u-szeged.hu/id/eprint/37283/1/2001_mistics_dora.pdf |z Dokumentum-elérés |